ၵၸ်ႉၸႃႇယၼသတ်ႉတႃႇ (Record no. 6210)

000 -LEADER
fixed length control field 00709nam a22002057a 4500
003 - CONTROL NUMBER IDENTIFIER
control field OSt
005 - DATE AND TIME OF LATEST TRANSACTION
control field 20260128092742.0
008 - FIXED-LENGTH DATA ELEMENTS--GENERAL INFORMATION
fixed length control field 210813b ||||| |||| 00| 0 eng d
040 ## - CATALOGING SOURCE
Transcribing agency OSt
041 ## - LANGUAGE CODE
Language code of text/sound track or separate title Shan
082 ## - DEWEY DECIMAL CLASSIFICATION NUMBER
Classification number 491.375
245 ## - TITLE STATEMENT
Title ၵၸ်ႉၸႃႇယၼသတ်ႉတႃႇ
260 ## - PUBLICATION, DISTRIBUTION, ETC.
Place of publication, distribution, etc. [ဢမ်ႇပႃးဝဵင်း]
Name of publisher, distributor, etc. [ဢမ်ႇပႃးတီႈ]
Date of publication, distribution, etc. 2008
300 ## - PHYSICAL DESCRIPTION
Extent 491 ၼႃႈ
Dimensions 22 ၸိၼ်ႇထီႇ
500 ## - GENERAL NOTE
General note S-SAT: Dr. Prof Sai Aung Tun
650 ## - SUBJECT ADDED ENTRY--TOPICAL TERM
Topical term or geographic name entry element ပႃႇလိသတ်ႉတႃႇ
710 ## - ADDED ENTRY--CORPORATE NAME
Corporate name or jurisdiction name as entry element ၸဝ်ႈသြႃႇၵဝိၼ်ႇတ (ၼမ်ႉၶမ်း) ပိၼ်ႇတႅမ်ႈ-
942 ## - ADDED ENTRY ELEMENTS (KOHA)
Koha item type Books (Long term)
650 ## - SUBJECT ADDED ENTRY--TOPICAL TERM
9 (RLIN) 26671
710 ## - ADDED ENTRY--CORPORATE NAME
9 (RLIN) 65806
Source of classification or shelving scheme
Holdings
Withdrawn status Lost status Source of classification or shelving scheme Damaged status Not for loan Collection Code Permanent Location Current Location Shelving location Date acquired Total Checkouts Full call number Barcode Date last seen Copy number Price effective from Koha item type Accession Date last checked out
          Tai Collection Shan State Buddhist University Library Shan State Buddhist University Library Tai Shelves 13/08/2021   491.375 ၵၸ်ႉ ႘႕႐(1) SH00000850 13/08/2021 1 13/08/2021 Books (Long term) ႘႕႐(1)  
          Tai Collection Shan State Buddhist University Library Shan State Buddhist University Library Tai Shelves 13/08/2021 1 491.375 ၵၸ်ႉ ႘႕႑(2) SH00000851 29/06/2023 2 13/08/2021 Books (Long term) ႘႕႑(2) 06/06/2023
          Tai Collection Shan State Buddhist University Library Shan State Buddhist University Library Tai Shelves 24/06/2023   491.375 ၵၸ်ႉ ႒႓႒႕(3) SH00002325 24/06/2023 3 24/06/2023 Books (Long term) ႒႓႒႕(3)  
          Special Collections Shan State Buddhist University Library Shan State Buddhist University Library Special Collection Shelves 24/06/2023   491.375 ၵၸ်ႉ ႒႕႓႒ S-SAT SH00002532 24/06/2023 4 24/06/2023 Book (Short term) ႒႕႓႒ S-SAT  

Library - 09407999929
Admin Office - 09407999979
Dean Office - 09250910768
Registrar Office - 09892297154
Email - [email protected]
Shan State Buddhist University, Phaya Phyu Taunggyi, Shan State, Myanmar.